书目信息 |
| 题名: |
建设工程造价数据标准
|
|
| 作者: | 张敬樑 起草 ;上海市建筑建材业市场管理总站 主编 | |
| 分册: | ||
| 出版信息: | 上海 同济大学出版社 2019.11 |
|
| 页数: | 160页 | |
| 开本: | 21cm | |
| 丛书名: | 上海市工程建设规范 | |
| 单 册: | ||
| 中图分类: | TU723.3-6 | |
| 科图分类: | ||
| 主题词: | 建筑造价管理--jian zhu zao jia guan li--数据--标准--上海 | |
| 电子资源: | ||
| ISBN: | 978-7-5608-8804-0 | |
| 000 | 01399nam 2200301 450 | |
| 001 | 2049381309 | |
| 005 | 20201107134311.37 | |
| 010 | @a978-7-5608-8804-0@dCNY45.00 | |
| 094 | @aCN@bDG/TJ 08-2300-2019 J 14879-2019 | |
| 100 | @a20200108d2019 em y0chiy50 ea | |
| 101 | 0 | @achi@eeng |
| 102 | @aCN@b310000 | |
| 105 | @aak l 000yy | |
| 200 | 1 | @a建设工程造价数据标准@Ajian she gong cheng zao jia shu ju biao zhun@d= Cost data standard for construction engineering@f主编单位上海市建筑建材业市场管理总站@zeng |
| 210 | @a上海@c同济大学出版社@d2019.11 | |
| 215 | @a160页@c图@d21cm | |
| 225 | 2 | @a上海市工程建设规范@Ashang hai shi gong cheng jian she gui fan |
| 300 | @a2019-07-17发布 2019-12-01实施 上海市住房和城乡建设管理委员会发布 | |
| 314 | @a起草人: 张敬樑 ... [等] | |
| 330 | @a为规范本市建设工程造价电子文件数据格式, 统一本市建设工程造价数据标准, 实现建设工程造价数据在本市各类建设工程应用管理系统及各类造价工具软件之间交换和共享, 制定本标准。 | |
| 410 | 0 | @12001 @a上海市工程建设规范 |
| 510 | 1 | @aCost data standard for construction engineering@zeng |
| 606 | 0 | @a建筑造价管理@Ajian zhu zao jia guan li@x数据@x标准@y上海 |
| 690 | @aTU723.3-6@v5 | |
| 701 | 0 | @a张敬樑@Azhang jing liang@4起草 |
| 712 | 02 | @a上海市建筑建材业市场管理总站@Ashang hai shi jian zhu jian cai ye shi chang guan li zong zhan@4主编 |
| 801 | 0 | @aCN@b人天书店@c20201004 |
| 905 | @aZUCC@dTU723.3-6@eZ123 | |
| 建设工程造价数据标准= Cost data standard for construction engineering/主编单位上海市建筑建材业市场管理总站.-上海:同济大学出版社,2019.11 |
| 160页:图;21cm.-(上海市工程建设规范) |
| 2019-07-17发布 2019-12-01实施 上海市住房和城乡建设管理委员会发布 |
| ISBN 978-7-5608-8804-0:CNY45.00 |
| 为规范本市建设工程造价电子文件数据格式, 统一本市建设工程造价数据标准, 实现建设工程造价数据在本市各类建设工程应用管理系统及各类造价工具软件之间交换和共享, 制定本标准。 |
| ● |
| 相关链接 |
|
|
|
正题名:建设工程造价数据标准
索取号:TU723.3-6/Z123
 
预约/预借
| 序号 | 登录号 | 条形码 | 馆藏地/架位号 | 状态 | 备注 |
| 1 | 1485544 | 214855441 | 建筑库201/201建筑库 105排7列3层/ [索取号:TU723.3-6/Z123] | 在馆 | |
| 2 | 1485545 | 214855450 | 建筑库201/201建筑库 105排7列3层/ [索取号:TU723.3-6/Z123] | 在馆 |